[Event "Barcelona Primavera CE op"]
[Site "Barcelona"]
[Date "2021.05.15"]
[Round "4"]
[White "Ferre Campos, Josep"]
[Black "Roman Garcia, Isaac"]
[Result "1-0"]
[WhiteElo "1907"]
[BlackElo "1422"]
[PlyCount "107"]
[EventDate "2021.04.24"]
[EventType "swiss"]
[EventRounds "9"]
[EventCountry "ESP"]
[SourceTitle "EXT 2022"]
[Source "ChessBase"]
[SourceDate "2021.10.06"]
[SourceVersion "1"]
[SourceVersionDate "2021.10.06"]
[SourceQuality "1"]

1. e4 e6 2. d3 d5 3. Nd2 Nf6 4. g3 dxe4 5. dxe4 e5 6. Ngf3 Nc6 7. Bg2 Be7 8. 0-0 0-0 9. Qe2 b6 10. Qb5 Qd6 11. Nc4 a6 12. Nxd6 axb5 13. Nxb5 Bd6 14. Nxd6 cxd6 15. Be3 Rb8 16. Rfd1 Rd8 17. Nd2 Be6 18. Bg5 Rbc8 19. c3 Na5 20. Be3 Rb8 21. Bf1 h6 22. c4 Nc6 23. f3 Na5 24. b3 Nc6 25. Nb1 Nb4 26. Rd2 Ne8 27. g4 f6 28. Nc3 Bd7 29. a3 Na6 30. b4 Nac7 31. Rad1 Kh7 32. Kf2 Kg6 33. Nd5 Nxd5 34. Rxd5 Bc6 35. R5d2 Ba4 36. Rb1 b5 37. cxb5 Bxb5 38. Bxb5 Rxb5 39. a4 Rb7 40. a5 Ra8 41. Bb6 Kf7 42. Rc1 Ke6 43. Rdc2 g6 44. Rc8 Rxc8 45. Rxc8 Kd7 46. Rd8+ Ke7 47. Ra8 Kd7 48. Ke3 h5 49. gxh5 gxh5 50. Kd3 Nc7 51. Rh8 Ne6 52. Kc4 Nf4 53. Kb5 Ke6 54. a6 1-0

[Event "Barcelona Primavera CE op"]
[Site "Barcelona"]
[Date "2021.05.01"]
[Round "2"]
[White "Ferre Campos, Josep"]
[Black "Perez Mitjans, Orelvis"]
[Result "0-1"]
[WhiteElo "1907"]
[BlackElo "2412"]
[PlyCount "36"]
[EventDate "2021.04.24"]
[EventType "swiss"]
[EventRounds "9"]
[EventCountry "ESP"]
[SourceTitle "EXT 2022"]
[Source "ChessBase"]
[SourceDate "2021.10.06"]
[SourceVersion "1"]
[SourceVersionDate "2021.10.06"]
[SourceQuality "1"]

1. d4 d5 2. c4 Nc6 3. cxd5 Qxd5 4. Nf3 e5 5. Nc3 Bb4 6. dxe5 Qxd1+ 7. Kxd1 Bg4 8. Bf4 Nge7 9. a3 Bxc3 10. bxc3 Nd5 11. Bd2 0-0-0 12. Kc2 Bf5+ 13. Kb2 Nb6 14. e3 Be4 15. Rd1 Bxf3 16. gxf3 Nxe5 17. Be1 Rxd1 18. Bh3+ Rd7 0-1

[Event "Barcelona Primavera CE op"]
[Site "Barcelona"]
[Date "2021.04.24"]
[Round "1"]
[White "Cantero Gomez, Jorge"]
[Black "Ferre Campos, Josep"]
[Result "0-1"]
[WhiteElo "1530"]
[BlackElo "1907"]
[PlyCount "34"]
[EventDate "2021.04.24"]
[EventType "swiss"]
[EventRounds "9"]
[EventCountry "ESP"]
[SourceTitle "EXT 2022"]
[Source "ChessBase"]
[SourceDate "2021.10.06"]
[SourceVersion "1"]
[SourceVersionDate "2021.10.06"]
[SourceQuality "1"]

1. d4 e6 2. c4 d5 3. Nc3 Nf6 4. Nf3 a6 5. Bf4 dxc4 6. e3 b5 7. b3 Bb4 8. Ke2 Bxc3 9. Rc1 Nd5 10. Bg3 Bb2 11. Kd2 c3+ 12. Ke1 Bxc1 13. Qxc1 b4 14. Bd3 Bd7 15. e4 Nf6 16. Ne5 Bb5 17. Nc4 Qxd4 0-1

[Event "Barcelona FM 08"]
[Site "Barcelona"]
[Date "2020.08.13"]
[Round "3"]
[White "Garcia Ruiz, Adrian"]
[Black "Ferre Campos, Josep"]
[Result "1-0"]
[WhiteElo "2048"]
[BlackElo "1899"]
[PlyCount "53"]
[EventDate "2020.08.11"]
[EventType "tourn"]
[EventRounds "9"]
[EventCountry "ESP"]
[SourceTitle "EXT 2021"]
[Source "ChessBase"]
[SourceDate "2020.10.23"]
[SourceVersion "1"]
[SourceVersionDate "2020.10.23"]
[SourceQuality "1"]

1. e4 c5 2. Nf3 Nc6 3. d4 cxd4 4. Nxd4 Nf6 5. Nc3 e5 6. Ndb5 d6 7. Bg5 a6 8. Na3 b5 9. Nd5 Be7 10. Bxf6 Bxf6 11. c3 0-0 12. Nc2 Bg5 13. a4 bxa4 14. Rxa4 f5 15. Bc4 Kh8 16. exf5 Bxf5 17. Bxa6 e4 18. Nd4 Ne5 19. 0-0 Bg4 20. Be2 Rxa4 21. Qxa4 h5 22. Bxg4 hxg4 23. Ne6 Qb8 24. Nxg5 Rf3 25. Nxe4 Qxb2 26. Nxd6 Rh3 27. Qe8+ 1-0

[Event "Barcelona op 2nd"]
[Site "Barcelona"]
[Date "2019.11.21"]
[Round "9.5"]
[White "Ferre Campos, Josep"]
[Black "Cano Sevila, Ivan"]
[Result "0-1"]
[WhiteElo "1909"]
[BlackElo "2004"]
[PlyCount "38"]
[EventDate "2019.09.26"]
[EventType "swiss"]
[EventRounds "9"]
[EventCountry "ESP"]
[SourceTitle "EXT 2024"]
[Source "ChessBase"]
[SourceDate "2023.10.10"]
[SourceVersion "1"]
[SourceVersionDate "2023.10.10"]
[SourceQuality "1"]

1. d4 d5 2. c4 e6 3. e3 f5 4. Nc3 Nf6 5. cxd5 exd5 6. Qc2 c6 7. Bd3 Ne4 8. a3 Bd6 9. g3 0-0 10. b4 Nd7 11. f4 Ndf6 12. Nf3 Bd7 13. Bb2 a5 14. Qb3 Qe7 15. Ne5 axb4 16. Nxd7 Nxd7 17. axb4 Nxc3 18. Bxc3 Qxe3+ 19. Be2 Rxa1+ 0-1

[Event "Barcelona Amateurs"]
[Site "Barcelona"]
[Date "2019.11.06"]
[Round "7.3"]
[White "Ferre Campos, Josep"]
[Black "Jose Iraeta, Alexandre"]
[Result "0-1"]
[WhiteElo "1909"]
[BlackElo "1959"]
[PlyCount "120"]
[EventDate "2019.09.25"]
[EventType "swiss"]
[EventRounds "9"]
[EventCountry "ESP"]
[SourceTitle "EXT 2024"]
[Source "ChessBase"]
[SourceDate "2023.10.10"]
[SourceVersion "1"]
[SourceVersionDate "2023.10.10"]
[SourceQuality "1"]

1. d4 d5 2. Bg5 c6 3. c3 Bf5 4. Qb3 Qb6 5. Nd2 Nd7 6. Ngf3 h6 7. Bf4 Ngf6 8. h3 e6 9. e3 Be7 10. c4 Qxb3 11. axb3 0-0 12. c5 Rfe8 13. b4 a6 14. Nb3 Nh7 15. Na5 Ra7 16. Ne5 Nxe5 17. Bxe5 Rc8 18. Kd2 Bd8 19. Be2 Bxa5 20. bxa5 f6 21. Bh2 Ng5 22. f3 Nf7 23. Ra4 e5 24. Rb4 Re8 25. Rc1 Re7 26. g4 Bh7 27. f4 exd4 28. exd4 f5 29. Bd3 fxg4 30. hxg4 Bxd3 31. Kxd3 Ra8 32. f5 Rae8 33. Bf4 Re4 34. Rf1 R8e7 35. Rf3 Kf8 36. Bd6 Nxd6 37. cxd6 Rd7 38. Rg3 c5 39. Rb6 Rxd4+ 40. Ke2 Ra4 41. Rd3 d4 42. Kf3 Rxa5 43. Ke4 Kf7 44. Kd5 h5 45. Rdb3 c4+ 46. Kxc4 Kf6 47. Kxd4 hxg4 48. Rc3 Ra1 49. Re3 Rd1+ 50. Kc5 Kxf5 51. Re7 R1xd6 52. Rxb7 Rxb7 53. Rxb7 Rf6 54. Kd4 Kf4 55. Kd3 Kf3 56. Rxg7 Rd6+ 57. Kc4 g3 58. Kc5 Rf6 59. Kd5 g2 60. Ke5 Rf8 0-1

[Event "Barcelona op 2nd"]
[Site "Barcelona"]
[Date "2019.10.24"]
[Round "5.4"]
[White "Jose Iraeta, Alexandre"]
[Black "Ferre Campos, Josep"]
[Result "0-1"]
[WhiteElo "1959"]
[BlackElo "1909"]
[PlyCount "49"]
[EventDate "2019.09.26"]
[EventType "swiss"]
[EventRounds "9"]
[EventCountry "ESP"]
[SourceTitle "EXT 2024"]
[Source "ChessBase"]
[SourceDate "2023.10.10"]
[SourceVersion "1"]
[SourceVersionDate "2023.10.10"]
[SourceQuality "1"]

1. d4 c5 2. d5 g6 3. e4 Bg7 4. Nf3 d6 5. Bb5+ Nd7 6. a4 a6 7. Bd3 b6 8. 0-0 Rb8 9. Qe2 Ra8 10. Nc3 Qc7 11. h3 Bb7 12. Bf4 f6 13. Nd2 Nh6 14. Bg3 0-0 15. f4 f5 16. exf5 Nxf5 17. Bxf5 gxf5 18. Qd3 Kh8 19. Nd1 Nf6 20. c4 Nh5 21. Bh4 Bd4+ 22. Kh1 e5 23. dxe6 Qg7 24. Qe2 Rg8 25. Bg5 0-1

[Event "Barcelona op 2nd"]
[Site "Barcelona"]
[Date "2019.10.03"]
[Round "2.4"]
[White "Ferre Campos, Josep"]
[Black "Gonzalez Canovas, Sebastian"]
[Result "1-0"]
[WhiteElo "1909"]
[BlackElo "1587"]
[PlyCount "49"]
[EventDate "2019.09.26"]
[EventType "swiss"]
[EventRounds "9"]
[EventCountry "ESP"]
[SourceTitle "EXT 2024"]
[Source "ChessBase"]
[SourceDate "2023.10.10"]
[SourceVersion "1"]
[SourceVersionDate "2023.10.10"]
[SourceQuality "1"]

1. d4 Nf6 2. c4 g6 3. Nc3 Bg7 4. e4 d6 5. h3 0-0 6. Be3 e5 7. d5 a5 8. Be2 c6 9. g4 cxd5 10. cxd5 Na6 11. Nf3 Nd7 12. Nd2 Ndc5 13. Nc4 b6 14. Qc2 f5 15. gxf5 gxf5 16. Rg1 f4 17. Bxc5 dxc5 18. Bg4 Bxg4 19. Rxg4 Rf6 20. f3 Rg6 21. Qg2 Qf6 22. 0-0-0 Nc7 23. d6 Ne8 24. Nd5 Qe6 25. Ne7+ 1-0

[Event "Barcelona op 2nd"]
[Site "Barcelona"]
[Date "2019.09.26"]
[Round "1.2"]
[White "Peiron Lluch, Jose Daniel"]
[Black "Ferre Campos, Josep"]
[Result "0-1"]
[WhiteElo "1808"]
[BlackElo "1909"]
[PlyCount "88"]
[EventDate "2019.09.26"]
[EventType "swiss"]
[EventRounds "9"]
[EventCountry "ESP"]
[SourceTitle "EXT 2024"]
[Source "ChessBase"]
[SourceDate "2023.10.10"]
[SourceVersion "1"]
[SourceVersionDate "2023.10.10"]
[SourceQuality "1"]

1. d4 e6 2. Bf4 g5 3. Be5 Nf6 4. Nc3 d6 5. Bg3 b6 6. f3 Bb7 7. e4 Nbd7 8. Bd3 Nh5 9. Nge2 Nxg3 10. hxg3 Bg7 11. g4 a6 12. Bc4 c5 13. dxc5 dxc5 14. a4 Ne5 15. Qxd8+ Rxd8 16. Ba2 Ng6 17. Rd1 Rxd1+ 18. Nxd1 Ke7 19. c3 h6 20. Ne3 b5 21. axb5 axb5 22. 0-0 Ra8 23. Bb1 b4 24. Rc1 Ba6 25. Kf2 Nf4 26. Nxf4 gxf4 27. Nd1 b3 28. Ke1 Bf6 29. c4 Rd8 30. Ke2 Rd4 31. Bd3 Rd8 32. Ra1 Rd6 33. Ra3 Rb6 34. Ra5 Bd4 35. Ra1 e5 36. Rb1 Kf6 37. Kd2 Bc8 38. Ra1 Be6 39. Nc3 Be3+ 40. Ke1 Bd4 41. Nd1 Rb4 42. Rc1 Ra4 43. Kd2 Kg5 44. Nc3 Be3+ 0-1

[Event "Barcelona CC-ch MC"]
[Site "Barcelona"]
[Date "2019.06.13"]
[Round "3"]
[White "Ferre Campos, Josep"]
[Black "Jose Iraeta, Alexandre"]
[Result "1-0"]
[WhiteElo "1920"]
[BlackElo "2167"]
[PlyCount "81"]
[EventDate "2019.06.11"]
[EventType "tourn"]
[EventRounds "9"]
[EventCountry "ESP"]
[SourceTitle "EXT 2020"]
[Source "ChessBase"]
[SourceDate "2019.10.17"]
[SourceVersion "1"]
[SourceVersionDate "2019.10.17"]
[SourceQuality "1"]

1. d4 d5 2. c4 Nc6 3. Nf3 Bg4 4. e3 e6 5. Nc3 Nf6 6. h3 Bh5 7. g4 Bg6 8. Nh4 Bb4 9. Nxg6 hxg6 10. a3 Bxc3+ 11. bxc3 Ne7 12. Rb1 b6 13. cxd5 exd5 14. Bg2 Ne4 15. Qd3 Nd6 16. 0-0 0-0 17. f3 f5 18. Rb2 Qd7 19. Re2 Rae8 20. Rfe1 Nec8 21. e4 fxe4 22. fxe4 dxe4 23. Bxe4 Nxe4 24. Rxe4 Nd6 25. Rxe8 Rxe8 26. Re5 Nf7 27. Re3 Rxe3 28. Bxe3 Qe7 29. c4 Nd6 30. Bf2 Qe4 31. Qb3 Qe6 32. d5 Qe4 33. c5 Qc4 34. Qxc4 Nxc4 35. c6 Kf7 36. Bg3 Na5 37. Bxc7 Ke7 38. Kf2 Nc4 39. Ke2 b5 40. Kd3 a5 41. Kd4 1-0

[Event "Barcelona CC-ch MC"]
[Site "Barcelona"]
[Date "2019.06.11"]
[Round "1"]
[White "Martin Barcelo, Carles"]
[Black "Ferre Campos, Josep"]
[Result "1-0"]
[WhiteElo "2036"]
[BlackElo "1920"]
[PlyCount "79"]
[EventDate "2019.06.11"]
[EventType "tourn"]
[EventRounds "9"]
[EventCountry "ESP"]
[SourceTitle "EXT 2020"]
[Source "ChessBase"]
[SourceDate "2019.10.17"]
[SourceVersion "1"]
[SourceVersionDate "2019.10.17"]
[SourceQuality "1"]

1. e4 c5 2. Nf3 d6 3. Bb5+ Bd7 4. Bxd7+ Qxd7 5. c4 Nc6 6. d4 cxd4 7. Nxd4 Nf6 8. Nc3 g6 9. f3 Bg7 10. Be3 Nxd4 11. Bxd4 0-0 12. 0-0 Rfc8 13. b3 Qc6 14. Rc1 b6 15. Bxf6 Bxf6 16. Nd5 Qc5+ 17. Kh1 Qa3 18. Rc2 Rc6 19. Qc1 Qxc1 20. Nxf6+ Kg7 21. Nh5+ Kh6 22. Rcxc1 Kxh5 23. f4 Kh6 24. Kg1 Rac8 25. a4 f5 26. Rce1 R8c7 27. exf5 gxf5 28. Re6+ Kg7 29. Rf3 Rc5 30. Rfe3 Kf7 31. Rh6 d5 32. Rxh7+ Ke8 33. cxd5 Rxd5 34. h4 Rd4 35. Rf3 Kf8 36. Kh2 Rd2 37. Rh5 e6 38. Rg5 Kf7 39. h5 Rd6 40. Rfg3 1-0

[Event "Barcelona Barri Gotic op 7th"]
[Site "Barcelona"]
[Date "2019.02.12"]
[Round "1.4"]
[White "Romero Funieles, Rafael de Jesus"]
[Black "Ferre Campos, Josep"]
[Result "1-0"]
[WhiteElo "1611"]
[BlackElo "1958"]
[PlyCount "54"]
[EventDate "2019.02.12"]
[EventType "swiss"]
[EventRounds "9"]
[EventCountry "ESP"]
[SourceTitle "EXT 2024"]
[Source "ChessBase"]
[SourceDate "2023.10.10"]
[SourceVersion "1"]
[SourceVersionDate "2023.10.10"]
[SourceQuality "1"]

1. e3 c5 2. c4 d6 3. Nf3 g6 4. d4 b6 5. dxc5 bxc5 6. Qd5 Qc7 7. Qxa8 Nc6 8. Nc3 Bg7 9. Nb5 Qd7 10. Nxa7 Nxa7 11. Qd5 Nf6 12. Qd1 Nc6 13. a3 Qg4 14. h3 Qe6 15. Bd3 Ne4 16. 0-0 f5 17. Be2 Qf6 18. Ra2 g5 19. Nd2 Be6 20. Nxe4 fxe4 21. Qa4 Kd7 22. b4 Qh6 23. b5 Bxh3 24. bxc6+ Ke6 25. Qd1 Bxg2 26. Kxg2 g4 27. Qd5+ Kf6 1-0

[Event "Barcelona Navidad Amateurs 2nd"]
[Site "Barcelona"]
[Date "2018.12.28"]
[Round "2.4"]
[White "Ferre Campos, Josep"]
[Black "Cabrera Marmol, Manel"]
[Result "1-0"]
[WhiteElo "2112"]
[BlackElo "1990"]
[PlyCount "81"]
[EventDate "2018.12.27"]
[EventType "swiss"]
[EventRounds "9"]
[EventCountry "ESP"]
[SourceTitle "EXT 2024"]
[Source "ChessBase"]
[SourceDate "2023.10.10"]
[SourceVersion "1"]
[SourceVersionDate "2023.10.10"]
[SourceQuality "1"]

1. d4 d5 2. c4 c6 3. e3 Nf6 4. Nc3 e6 5. Nf3 Be7 6. b3 Nbd7 7. Bb2 0-0 8. Qc2 Re8 9. Be2 Qc7 10. Rc1 b6 11. 0-0 Bb7 12. a3 Rac8 13. b4 Qb8 14. c5 Bd8 15. Rfe1 Bc7 16. h3 e5 17. Bf1 e4 18. Nd2 Re7 19. a4 a6 20. cxb6 Bxb6 21. Ba3 Re6 22. Nb3 Ba7 23. Nc5 Nxc5 24. bxc5 Qc7 25. Ne2 Nh5 26. g3 Rg6 27. Nf4 Nxf4 28. exf4 Qxf4 29. Rb1 Rb8 30. Re3 Qc7 31. Reb3 Bc8 32. Bg2 Rxb3 33. Qxb3 h6 34. Bc1 Re6 35. h4 Re7 36. Bf4 Qb7 37. Qc2 Qa8 38. Bf1 Rb7 39. Kh2 Rxb1 40. Qxb1 Bb8 41. Qxb8 1-0

[Event "Badalona op 44th"]
[Site "Badalona"]
[Date "2018.08.08"]
[Round "8"]
[White "Mut Company, Guillem Joan"]
[Black "Ferre Campos, Josep"]
[Result "1/2-1/2"]
[WhiteElo "1898"]
[BlackElo "1878"]
[PlyCount "35"]
[EventDate "2018.08.01"]
[EventType "swiss"]
[EventRounds "9"]
[EventCountry "ESP"]
[SourceTitle "EXT 2019"]
[Source "ChessBase"]
[SourceDate "2018.10.10"]
[SourceVersion "1"]
[SourceVersionDate "2018.10.10"]
[SourceQuality "1"]

1. d4 d6 2. Nf3 g6 3. e4 Bg7 4. c4 Nd7 5. Nc3 c5 6. d5 a6 7. a4 Rb8 8. Be2 Ngf6 9. h3 h6 10. 0-0 0-0 11. Be3 Kh7 12. Nd2 g5 13. Qc2 Ne5 14. Nf3 Nfd7 15. Nxe5 Nxe5 16. f4 gxf4 17. Bxf4 Qe8 18. Rf2 1/2-1/2

[Event "Barcelona Gotic op 2nd"]
[Site "Barcelona"]
[Date "2018.05.15"]
[Round "3"]
[White "Ferre Campos, Josep"]
[Black "Comellas Blanchart, Jordi"]
[Result "0-1"]
[WhiteElo "1931"]
[BlackElo "2148"]
[PlyCount "56"]
[EventDate "2018.04.24"]
[EventType "swiss"]
[EventRounds "8"]
[EventCountry "ESP"]
[SourceTitle "EXT 2019"]
[Source "ChessBase"]
[SourceDate "2018.10.10"]
[SourceVersion "1"]
[SourceVersionDate "2018.10.10"]
[SourceQuality "1"]

1. d4 d5 2. Nf3 Nf6 3. g3 e6 4. Bg2 b5 5. c3 Bb7 6. Nbd2 c5 7. Ne5 Nc6 8. Nxc6 Bxc6 9. 0-0 Be7 10. Nf3 0-0 11. Ne5 Bb7 12. h3 Qb6 13. Bg5 Rad8 14. Kh2 h6 15. Bxf6 Bxf6 16. f4 cxd4 17. cxd4 Bxe5 18. fxe5 Rc8 19. Qd2 Rc4 20. e3 Rfc8 21. Rac1 Qc7 22. Rxc4 dxc4 23. e4 Rd8 24. Rd1 a5 25. Qf4 f6 26. Qg4 fxe5 27. Qxe6+ Kh7 28. d5 Bc8 0-1

[Event "Barcelona Escacs op 2nd"]
[Site "Barcelona"]
[Date "2017.11.24"]
[Round "8"]
[White "Ferre Campos, Josep"]
[Black "Cano Sevila, Ivan"]
[Result "0-1"]
[WhiteElo "1914"]
[BlackElo "1887"]
[PlyCount "90"]
[EventDate "2017.09.29"]
[EventType "swiss"]
[EventRounds "9"]
[EventCountry "ESP"]
[SourceTitle "EXT 2019"]
[Source "ChessBase"]
[SourceDate "2018.10.10"]
[SourceVersion "1"]
[SourceVersionDate "2018.10.10"]
[SourceQuality "1"]

1. d4 d5 2. Bg5 c6 3. e3 Qb6 4. b3 Bf5 5. Nf3 e6 6. c3 Nd7 7. Nbd2 Ba3 8. Nh4 Bb2 9. Nxf5 exf5 10. Rb1 Bxc3 11. Qc2 Qb4 12. Rd1 Ngf6 13. f3 0-0 14. Kf2 Bxd2 15. Rxd2 h6 16. Bh4 Rae8 17. Bd3 f4 18. exf4 Qxd4+ 19. Kf1 Qxf4 20. Bg3 Qb4 21. Bf5 Nc5 22. Bf2 Qb5+ 23. Kg1 b6 24. g4 d4 25. Bxd4 Re1+ 26. Kg2 Rxh1 27. Kxh1 Qf1+ 28. Bg1 Qxf3+ 29. Rg2 Nfd7 30. Bxc5 bxc5 31. Be4 Qf1+ 32. Rg1 Qf4 33. Qc4 Qe5 34. Bf3 Nb6 35. Qc1 Rd8 36. Re1 Qf6 37. Be4 Qf2 38. Rf1 Qxa2 39. Qf4 Qxb3 40. Qf5 g6 41. Qf6 Rd1 42. Bg2 Rxf1+ 43. Bxf1 Qd5+ 44. Bg2 Qd1+ 45. Bf1 Nd5 0-1

[Event "Barcelona Escacs op 2nd"]
[Site "Barcelona"]
[Date "2017.10.06"]
[Round "2"]
[White "Ferre Campos, Josep"]
[Black "Tortosa Moros, Joan"]
[Result "1-0"]
[WhiteElo "1914"]
[BlackElo "1738"]
[PlyCount "63"]
[EventDate "2017.09.29"]
[EventType "swiss"]
[EventRounds "9"]
[EventCountry "ESP"]
[SourceTitle "EXT 2019"]
[Source "ChessBase"]
[SourceDate "2018.10.10"]
[SourceVersion "1"]
[SourceVersionDate "2018.10.10"]
[SourceQuality "1"]

1. d4 Nf6 2. Bg5 e6 3. e4 Be7 4. Bd3 c5 5. Bxf6 Bxf6 6. e5 Qa5+ 7. c3 Be7 8. Nd2 cxd4 9. cxd4 Nc6 10. Qg4 Kf8 11. Ngf3 h5 12. Qf4 Nb4 13. Be4 Nd5 14. Bxd5 Qxd5 15. 0-0 b6 16. Ne4 Bb7 17. Nc3 Qc6 18. Rac1 g5 19. Qg3 g4 20. d5 exd5 21. Nd4 Qg6 22. f4 Bc5 23. Rcd1 Bxd4+ 24. Rxd4 Qc2 25. Rf2 Qf5 26. Nd1 a5 27. Qa3+ Kg7 28. Ne3 Qe6 29. f5 Qxe5 30. f6+ Kh7 31. Rxg4 d4 32. Rg7+ 1-0

[Event "Barcelona Sant Marti op-A 18th"]
[Site "Barcelona"]
[Date "2016.07.18"]
[Round "6"]
[White "Ferre Campos, Josep"]
[Black "Varela Cuadrado, Cesar M"]
[Result "1-0"]
[WhiteElo "1970"]
[BlackElo "1753"]
[PlyCount "119"]
[EventDate "2016.07.13"]
[EventType "swiss"]
[EventRounds "9"]
[EventCountry "ESP"]
[SourceTitle "CBM 173 Extra"]
[Source "ChessBase"]
[SourceDate "2016.08.29"]
[SourceVersion "1"]
[SourceVersionDate "2016.08.29"]
[SourceQuality "1"]

1. d4 Nf6 2. c4 g6 3. Nf3 Bg7 4. Nc3 0-0 5. e4 d6 6. Be2 e5 7. dxe5 dxe5 8. Qxd8 Rxd8 9. Bg5 Re8 10. 0-0-0 c6 11. Rd6 Nbd7 12. Rhd1 h6 13. Bh4 g5 14. Bg3 Bf8 15. R6d2 Bb4 16. Bd3 g4 17. Ne1 Nc5 18. f3 Nh5 19. Be2 Nxg3 20. hxg3 Be6 21. Kc2 f5 22. Nd3 fxe4 23. Nxb4 a5 24. Nbd5 cxd5 25. cxd5 Bf5 26. fxe4 Nxe4 27. Nxe4 Bxe4+ 28. Kb3 h5 29. Bb5 Red8 30. Re1 Bxd5+ 31. Rxd5 Rxd5 32. Bc4 Rad8 33. Rxe5 Kg7 34. Rxd5 Re8 35. Rxh5 Re3+ 36. Ka4 Rxg3 37. Bd5 b6 38. Re5 Rd3 39. Bc4 Rd4 40. b3 Rd2 41. Re2 Rd4 42. Kb5 Rd6 43. Re7+ Kf8 44. Rf7+ Ke8 45. Rg7 Rd2 46. Rxg4 Rxa2 47. Kxb6 Ke7 48. Bb5 Rb2 49. Ba4 Rd2 50. Kxa5 Rd6 51. b4 Kd8 52. Rc4 Rg6 53. g4 Rg5+ 54. b5 Ke7 55. Ka6 Kd6 56. b6 Kd5 57. Bb5 Rg6 58. Ka7 Rg7+ 59. b7 Re7 60. Ka8 1-0

[Event "Barcelona Sant Marti op-A 18th"]
[Site "Barcelona"]
[Date "2016.07.17"]
[Round "5"]
[White "Hernando Rodrigo, Julio Antonio"]
[Black "Ferre Campos, Josep"]
[Result "1-0"]
[WhiteElo "2333"]
[BlackElo "1970"]
[PlyCount "55"]
[EventDate "2016.07.13"]
[EventType "swiss"]
[EventRounds "9"]
[EventCountry "ESP"]
[SourceTitle "CBM 173 Extra"]
[Source "ChessBase"]
[SourceDate "2016.08.29"]
[SourceVersion "1"]
[SourceVersionDate "2016.08.29"]
[SourceQuality "1"]

1. d4 Nf6 2. c4 g6 3. Nc3 d5 4. cxd5 Nxd5 5. e4 Nxc3 6. bxc3 c5 7. Nf3 Bg7 8. Rb1 0-0 9. Be2 cxd4 10. cxd4 Qa5+ 11. Bd2 Qxa2 12. 0-0 Qe6 13. Qc2 Qd6 14. Bb4 Qd8 15. d5 b6 16. Qa2 Bb7 17. Qa3 Re8 18. Bb5 a5 19. Bxe8 axb4 20. Bxf7+ Kxf7 21. Qxb4 Ra6 22. Ng5+ Kg8 23. Ne6 Qd6 24. Qxd6 exd6 25. Rfc1 Bf6 26. g3 Ra7 27. Rxb6 Nd7 28. Rxd6 1-0

[Event "Barcelona Sant Marti op-A 18th"]
[Site "Barcelona"]
[Date "2016.07.16"]
[Round "4"]
[White "Ferre Campos, Josep"]
[Black "Martin Capitan, Feliciano"]
[Result "0-1"]
[WhiteElo "1970"]
[BlackElo "2124"]
[PlyCount "100"]
[EventDate "2016.07.13"]
[EventType "swiss"]
[EventRounds "9"]
[EventCountry "ESP"]
[SourceTitle "CBM 173 Extra"]
[Source "ChessBase"]
[SourceDate "2016.08.29"]
[SourceVersion "1"]
[SourceVersionDate "2016.08.29"]
[SourceQuality "1"]

1. d4 d5 2. Nf3 Nf6 3. Bf4 c5 4. c3 Qb6 5. Qb3 c4 6. Qxb6 axb6 7. Nfd2 Bf5 8. f3 e6 9. e4 Bg6 10. a4 Be7 11. Na3 0-0 12. Nb5 Nc6 13. Bg5 h6 14. Bh4 Rfc8 15. e5 Ne8 16. Bxe7 Nxe7 17. Be2 Bc2 18. Bd1 Bd3 19. Be2 Bxe2 20. Kxe2 Ra5 21. Ra3 Nc6 22. Rha1 Na7 23. Nxa7 Rxa7 24. Nb1 Rca8 25. Kd2 Nc7 26. Kc2 f6 27. f4 fxe5 28. fxe5 Rf8 29. Nd2 Rf2 30. Rg1 Kh7 31. Raa1 Ra8 32. Raf1 Raf8 33. Rxf2 Rxf2 34. Rf1 Rxg2 35. Rf7 Na6 36. Rxb7 Rxh2 37. Rxb6 Nc7 38. Rc6 Na8 39. Rxe6 h5 40. Re8 Nc7 41. Re7 Na8 42. Rf7 h4 43. Kd1 h3 44. Rf1 Nc7 45. a5 Kh6 46. Ke1 g5 47. Rf2 Rh1+ 48. Nf1 g4 49. Ke2 Kg5 50. Ng3 Rg1 0-1

[Event "Barcelona Sant Marti op-A 18th"]
[Site "Barcelona"]
[Date "2016.07.14"]
[Round "2"]
[White "Ferre Campos, Josep"]
[Black "Capellades Subirana, Marc"]
[Result "0-1"]
[WhiteElo "1970"]
[BlackElo "2153"]
[PlyCount "36"]
[EventDate "2016.07.13"]
[EventType "swiss"]
[EventRounds "9"]
[EventCountry "ESP"]
[SourceTitle "CBM 173 Extra"]
[Source "ChessBase"]
[SourceDate "2016.08.29"]
[SourceVersion "1"]
[SourceVersionDate "2016.08.29"]
[SourceQuality "1"]

1. e4 e5 2. Nf3 Nc6 3. Bb5 a6 4. Bxc6 dxc6 5. 0-0 Bg4 6. d3 h5 7. Nbd2 h4 8. h3 Bh5 9. Qe1 Qf6 10. Qe3 Be7 11. d4 exd4 12. Qxd4 Rd8 13. Qxf6 Bxf6 14. e5 Be7 15. Nc4 Bxf3 16. gxf3 Nh6 17. Na5 Rd5 18. Nxb7 Rb5 0-1